Bandwagon Quiz - Kansas City Royals - Statistics

General Stats
  • This quiz has been taken 59 times
  • The average score is 14 of 20
Answer Stats
Hint Answer % Correct
How many World Series titles do the Royals have? 2
100%
What is the name of the ballpark where the Royals play? Kauffman Stadium
98%
The Royals are located right next to which NFL stadium? Arrowhead Stadium
91%
When did the Royals win their most recent World Series? 2015
87%
What NFL Hall of Fame running back spent most of his baseball career with the Royals? Bo Jackson
83%
Who was the World Series MVP for the Royals in their most recent win? Salvador Perez
83%
What other MLB team do the Royals play in the "1-70 Series"? St. Louis Cardinals
83%
Who is the Royals' all-time leaders in hits and home runs, as well as the only Royal to win MVP? George Brett
81%
The Royals' mascot, Sluggerrr, is what animal? Lion
81%
A Royals-Yankees rivalry was spawned after umpires found what on George Brett's bat? Pine Tar
77%
The Royals broke a 28-year drought in 2014 by making what? Playoffs
70%
Who is the only Royal to have a career WAR over 75? (Hint: Pitcher) Zack Greinke
66%
What legendary pitcher won the Cy Young award twice as a Royal? Bret Saberhagen
64%
The Royals' win song is appropriately a song called "Royals", by what artist? Lorde
64%
What is the name of the Royals' Triple-A affiliate? Omaha Storm Chasers
60%
The Royals keep one chair in their ballpark red in honor of what former Negro Leagues player? Buck O'Neil
57%
What is the above mascot known for firing out of air cannons? Hot Dogs
45%
Who is the current manager of the Royals? Matt Quatraro
38%
Who is the Royals' all-time wins leader? Paul Splittorff
30%
Who is the Royals' all-time strikeouts leaders? Kevin Appier
28%
No matching quizzes found
Score Distribution
Percent of People with Each Score
Percentile by Number Answered
Your Score History
You have not taken this quiz